Biggest Cities in the USA in 1790 - Statistics

General Stats
  • This quiz has been taken 52 times
  • The average score is 5 of 10
Answer Stats
Population City % Correct
33,131 New York City
98%
28,522 Philadelphia
94%
18,320 Boston
86%
13,503 Baltimore
73%
6,380 Providence
57%
16,359 Charleston
45%
7,921 Salem
24%
6,716 Newport
16%
5,661 Southwark
6%
5,661 Marblehead
2%
No matching quizzes found
Score Distribution
Percent of People with Each Score
Percentile by Number Answered
Your Score History
You have not taken this quiz